A négylábú varázsló /

Hlavní autor: Svozilová-Johnová, Herma, 1914-2009
Další autoři: Donoval, Lily
Jazyk: Maďarština
Vydáno: Bratislava : Slovenské vydavateľstvo krásnej literatúry, 1963
Vydání: 1. kiad.
Fyzický popis: 246 s. ; 8°
Knihy
Uloženo v:
LEADER 00873nam a22002532a 4500
001 001381023
003 CZ BrMZK
005 20140618115612.0
007 ta
008 140415s1963 xo er|||||||||||hun d
040 |a ABA001  |b cze  |c ABA001  |d ABA001  |d BOA001 
041 1 |a hun  |h cze 
100 1 |a Svozilová-Johnová, Herma,  |d 1914-2009  |7 jk01122150  |4 aut 
245 1 2 |a A négylábú varázsló /  |c Herma Svozilová-Johnová ; fordította Donoval Lili ; illusztr. Vladimír Kopecký 
250 |a 1. kiad. 
260 |a Bratislava :  |b Slovenské vydavateľstvo krásnej literatúry,  |c 1963 
300 |a 246 s. ;  |c 8° 
500 |a Přeloženo z češtiny 
700 1 |a Donoval, Lily  |4 trl 
765 0 |t Sedm kolem Tomáše  |9 Maďarsky 
910 |a BOA001  |b 2-0506.650 
990 |a BK 
991 |b 201403 
996 7 |b 2619048808  |c 2-0506.650  |l HP2  |r DEN  |n 0  |w 001416193  |u 000010  |a 1  |e BOA001  |j MZK50  |s A